Fr. Conceicao Rodrigues College of Engineering

Control sytem engineering (Record no. 32307)

MARC details
000 -LEADER
fixed length control field 00383nam a2200181Ia 4500
082 ## - DEWEY DECIMAL CLASSIFICATION NUMBER
Classification number 629.8312
Item number NIS
100 ## - MAIN ENTRY--PERSONAL NAME
Personal name Nise/ Norman
250 ## - EDITION STATEMENT
Edition statement 6
245 ## - TITLE STATEMENT
Title Control sytem engineering
260 ## - PUBLICATION, DISTRIBUTION, ETC.
Name of publisher, distributor, etc. Wiley India
Date of publication, distribution, etc. 2011
366 ## - TRADE AVAILABILITY INFORMATION
Publishers's discount category 20
300 ## - PHYSICAL DESCRIPTION
Extent 926
546 ## - LANGUAGE NOTE
Language note ENGLISH
-- Info.Tech
650 ## - SUBJECT ADDED ENTRY--TOPICAL TERM
Topical term or geographic name entry element Control sytems
654 ## - SUBJECT ADDED ENTRY--FACETED TOPICAL TERMS
Focus term control systems
942 ## - ADDED ENTRY ELEMENTS (KOHA)
Koha item type BOOK
Holdings
Withdrawn status Lost status Damaged status Not for loan Collection Home library Current library Date acquired Source of acquisition Cost, normal purchase price Inventory number Total Checkouts Full call number Barcode Date last seen Date last checked out Cost, replacement price Price effective from Koha item type
        CRC Fr. Agnel's C.Rodrigues College of Engineering AGNEL TECHNICAL COLLEGE LIBRARY 17/03/2023 Book Service Syndicate 551.20 59 dt 11.06.2014 1 629.8312 NIS 23149 05/08/2025 30/07/2025 689.00   BOOK